<?xml version="1.0" encoding="UTF-8"?>
<collection xmlns="http://www.loc.gov/MARC21/slim">
 <record>
  <leader>01464nam a22002057a 4500</leader>
  <controlfield tag="001">NCT_80619</controlfield>
  <controlfield tag="008">200609b        xxu||||| |||| 00| 0 vie d</controlfield>
  <datafield tag="999" ind1=" " ind2=" ">
   <subfield code="c">3955</subfield>
   <subfield code="d">3955</subfield>
  </datafield>
  <datafield tag="020" ind1=" " ind2=" ">
   <subfield code="a">9786049815652</subfield>
   <subfield code="c">450000</subfield>
  </datafield>
  <datafield tag="082" ind1="0" ind2="4">
   <subfield code="2">23rd ed.</subfield>
   <subfield code="a">344.5970423</subfield>
   <subfield code="b">L504A</subfield>
  </datafield>
  <datafield tag="245" ind1="0" ind2="0">
   <subfield code="a">Luật an toàn thực phẩm : </subfield>
   <subfield code="b">Quy định mới về điều kiện an toàn và kinh doanh thực phẩm dành cho các cơ quan doanh nghiệp và hộ kinh doanh</subfield>
   <subfield code="c">Vũ Hoàng Uyên (Hệ thống)</subfield>
  </datafield>
  <datafield tag="260" ind1=" " ind2=" ">
   <subfield code="a">H.</subfield>
   <subfield code="b">Lao động</subfield>
   <subfield code="c">2019</subfield>
  </datafield>
  <datafield tag="300" ind1=" " ind2=" ">
   <subfield code="a">383 tr.</subfield>
   <subfield code="c">28cm</subfield>
  </datafield>
  <datafield tag="520" ind1="3" ind2=" ">
   <subfield code="a">Nội dung cuốn sách gồm: luật an toàn thực phẩm và văn bản hướng dẫn thi hành; quy định xử phạt vi phạm hành chính về an toàn thực phẩm; tăng cường quản lý của nhà nước về an toàn thực phẩm; quy trình thanh tra, kiểm tra, giám sát chất lượng an toàn thực phẩm;...</subfield>
  </datafield>
  <datafield tag="653" ind1=" " ind2=" ">
   <subfield code="a">Luật học</subfield>
  </datafield>
  <datafield tag="700" ind1="1" ind2=" ">
   <subfield code="a">Vũ Hoàng Uyên </subfield>
   <subfield code="e">Hệ thống</subfield>
  </datafield>
  <datafield tag="942" ind1=" " ind2=" ">
   <subfield code="2">ddc</subfield>
   <subfield code="c">BK</subfield>
  </datafield>
  <datafield tag="952" ind1=" " ind2=" ">
   <subfield code="0">0</subfield>
   <subfield code="1">0</subfield>
   <subfield code="2">ddc</subfield>
   <subfield code="4">0</subfield>
   <subfield code="6">344_597042300000000_L504A</subfield>
   <subfield code="7">0</subfield>
   <subfield code="9">19714</subfield>
   <subfield code="a">000001</subfield>
   <subfield code="b">000001</subfield>
   <subfield code="d">2020-06-09</subfield>
   <subfield code="o">344.5970423 L504A</subfield>
   <subfield code="p">MD.15899</subfield>
   <subfield code="r">2020-06-09</subfield>
   <subfield code="v">450000.00</subfield>
   <subfield code="w">2020-06-09</subfield>
   <subfield code="y">BK</subfield>
  </datafield>
  <datafield tag="952" ind1=" " ind2=" ">
   <subfield code="0">0</subfield>
   <subfield code="1">0</subfield>
   <subfield code="2">ddc</subfield>
   <subfield code="4">0</subfield>
   <subfield code="6">344_597042300000000_L504A</subfield>
   <subfield code="7">0</subfield>
   <subfield code="9">19715</subfield>
   <subfield code="a">000001</subfield>
   <subfield code="b">000001</subfield>
   <subfield code="d">2020-06-09</subfield>
   <subfield code="o">344.5970423 L504A</subfield>
   <subfield code="p">MD.15900</subfield>
   <subfield code="r">2020-06-09</subfield>
   <subfield code="v">450000.00</subfield>
   <subfield code="w">2020-06-09</subfield>
   <subfield code="y">BK</subfield>
  </datafield>
  <datafield tag="980" ind1=" " ind2=" ">
   <subfield code="a">Thư viện Trường Đại học Nam Cần Thơ</subfield>
  </datafield>
 </record>
</collection>
